Introduction to work study/ (Record no. 34098)
[ view plain ]
| 000 -LEADER | |
|---|---|
| fixed length control field | 00933nam a2200325 a 4500 |
| 001 - CONTROL NUMBER | |
| control field | 3282189 |
| 003 - CONTROL NUMBER IDENTIFIER | |
| control field | OSt |
| 005 - DATE AND TIME OF LATEST TRANSACTION | |
| control field | 20250709094543.0 |
| 008 - FIXED-LENGTH DATA ELEMENTS--GENERAL INFORMATION | |
| fixed length control field | 820514t19791978sz a b i000 0 eng |
| 010 ## - LIBRARY OF CONGRESS CONTROL NUMBER | |
| LC control number | 82119466 |
| 015 ## - NATIONAL BIBLIOGRAPHY NUMBER | |
| National bibliography number | Sw*** |
| 020 ## - INTERNATIONAL STANDARD BOOK NUMBER | |
| International Standard Book Number | 8120406028 : |
| Terms of availability | 25.00F |
| 038 ## - RECORD CONTENT LICENSOR | |
| Staff Name | khadija |
| 040 ## - CATALOGING SOURCE | |
| Original cataloging agency | DLC |
| Transcribing agency | DLC |
| Modifying agency | DLC |
| 050 00 - LIBRARY OF CONGRESS CALL NUMBER | |
| Classification number | T60 |
| Item number | .I57 1979 |
| 082 00 - DEWEY DECIMAL CLASSIFICATION NUMBER | |
| Classification number | 658.542 |
| Edition number | 19 |
| Author Mark | INT |
| 100 ## - MAIN ENTRY--PERSONAL NAME | |
| Personal name | Pal, M. N |
| 9 (RLIN) | 129491 |
| 245 00 - TITLE STATEMENT | |
| Title | Introduction to work study/ |
| Statement of responsibility, etc. | M. N. Pal |
| 250 ## - EDITION STATEMENT | |
| Edition statement | 3rd (rev.) ed. |
| 260 ## - PUBLICATION, DISTRIBUTION, ETC. | |
| Place of publication, distribution, etc. | Geneva : |
| Name of publisher, distributor, etc. | International Labour Office, |
| Date of publication, distribution, etc. | 1979, c1978. |
| 300 ## - PHYSICAL DESCRIPTION | |
| Extent | xiv, 442 p. : |
| Other physical details | ill. ; |
| Dimensions | 28 cm. |
| 500 ## - GENERAL NOTE | |
| General note | Hardcover. |
| 504 ## - BIBLIOGRAPHY, ETC. NOTE | |
| Bibliography, etc. note | Bibliography: p. 439-441. |
| 563 ## - BINDING INFORMATION | |
| Binding note | hardcover |
| 650 #0 - SUBJECT ADDED ENTRY--TOPICAL TERM | |
| Topical term or geographic name entry element | Work measurement. |
| 9 (RLIN) | 25461 |
| 650 #0 - SUBJECT ADDED ENTRY--TOPICAL TERM | |
| Topical term or geographic name entry element | Methods engineering. |
| 9 (RLIN) | 86118 |
| 700 ## - ADDED ENTRY--PERSONAL NAME | |
| Personal name | A. K. Chatterjee, S. K. Mukherjee |
| 9 (RLIN) | 129492 |
| 906 ## - LOCAL DATA ELEMENT F, LDF (RLIN) | |
| a | 7 |
| b | cbc |
| c | orignew |
| d | 2 |
| e | ncip |
| f | 19 |
| g | y-gencatlg |
| 942 ## - ADDED ENTRY ELEMENTS (KOHA) | |
| Source of classification or shelving scheme | |
| Koha item type | Book |
| Withdrawn status | Lost status | Source of classification or shelving scheme | Damaged status | Not for loan | Permanent Location | Current Location | Shelving location | Date acquired | Full call number | Barcode | Date last seen | Price effective from | Koha item type |
|---|---|---|---|---|---|---|---|---|---|---|---|---|---|
| School of Mechanical & Manufacturing Engineering (SMME) | School of Mechanical & Manufacturing Engineering (SMME) | General Stacks | 05/31/2016 | 658.542 INT | SMME-24 | 03/20/2018 | 05/31/2016 | Book |
